00666nam a2200217Ia 4500003000400000005001700004006001800021007000300039008004100042024001000083037001800093040001800111041001300129100001600142110007600158245009400234260000900328650001200337700002300349700007600372OSt20220930203924.0a|||||r|||| 00| 0ta220926b |||||||| |||| 00| 0 eng d a81092 cDissertations aCRLcCRLbeng 2engaeng aViswanath R aUniversity of Delhi. Faculty of Medical Sciences. Department of Anatomy 0aComparative anatomy and morphology of the extra hepatic part of the portal verions system c1960 aANATOMY a Dr. S. Achaya Gu. aUniversity of Delhi. Faculty of Medical Sciences. Department of Anatomy